Radar target detection ; handbook of theory and practice /

Bibliographic Details
Main Author: Meyer, Daniel P.
Other Authors: Mayer, Herbert A.
Format: Book
Language:English
Published: New York : Academic Press, 1973.
Series:Electrical science series.
Subjects:

MARC

Tag First Indicator Second Indicator Subfields
LEADER 00000pam a2200000 4500
001 in00000099037
005 20150926125555.0
008 730530s1973 nyua b 00110 eng
010 |a  72082642  
020 |a 0124928501 
035 |a (OCoLC)00640301 
035 |9 AAL3719AM 
040 |a DLC  |c DLC  |d TXA  |d UtOrBLW 
049 |a TXAM  |c [1338027] 
050 0 0 |a TK6580  |b .M46 
082 0 |a 628.3848/1 
100 1 |a Meyer, Daniel P. 
245 1 0 |a Radar target detection ;  |b handbook of theory and practice /  |c [by] Daniel P. Meyer [and] Herbert A. Mayer. 
264 1 |a New York :  |b Academic Press,  |c 1973. 
300 |a xvi, 493 pages :  |b illustrations ;  |c 27 cm. 
336 |a text  |b txt  |2 rdacontent 
337 |a unmediated  |b n  |2 rdamedia 
338 |a volume  |b nc  |2 rdacarrier 
490 1 |a Electrical science 
504 |a Includes bibliographical references. 
650 0 |a Radar. 
700 1 |a Mayer, Herbert A. 
830 0 |a Electrical science series. 
999 |a MARS 
999 f f |s fd725527-4732-3772-9f5d-75490600ddf1  |i ca103f68-9498-389a-910c-40bf75c1b6b4  |t 0 
952 f f |p normal  |a Texas A&M University  |b College Station  |c Sterling C. Evans Library  |d Evans: Library Stacks  |t 0  |e TK6580 .M46  |h Library of Congress classification  |i unmediated -- volume  |m A14805490045 
998 f f |a TK6580 .M46  |t 0  |l Evans: Library Stacks